Encyclopaedia of the Application of Hyperbolic Functions to Electrical Engineering Problems (Record no. 601712)

MARC details
000 -LEADER
fixed length control field 00455nam a2200133 a 4500
008 - FIXED-LENGTH DATA ELEMENTS--GENERAL INFORMATION
fixed length control field 251209s2025##################000#0#eng##
020 ## - INTERNATIONAL STANDARD BOOK NUMBER
ISBN 9781781546093
Paper back/Hardbound hpk
082 04 - DEWEY DECIMAL CLASSIFICATION NUMBER
Classification number 621.3
Item number CHE
100 ## - MAIN ENTRY--AUTHOR NAME
Personal name Chen,Kai
245 10 - TITLE STATEMENT
Title Encyclopaedia of the Application of Hyperbolic Functions to Electrical Engineering Problems
Statement of responsibility, etc Kai Chen, Yagang ZHANG, Stephen R Niezgoda, Et Al.,
260 ## - PUBLICATION, DISTRIBUTION, ETC. (IMPRINT)
Place of publication London
Name of publisher Auris Reference
Year of publication 2016
942 ## - ADDED ENTRY ELEMENTS (KOHA)
Koha item type Reference
Holdings
Withdrawn status Lost status Damaged status Not for loan Home library Current library Shelving location Date acquired Full call number Accession Number Price effective from Koha item type
        Anna Centenary Library Anna Centenary Library 6TH FLOOR, A WING 09.12.2025 621.3 CHE 605914 09.12.2025 English Books

Find us on the map